000 00812nam a22002297a 4500
999 _c13819
_d13819
003 AR-CdUCM
008 190416b ||||| |||| 00| 0 spa d
020 _a9972-847-39-X
040 _aMUNICIPALIDAD PROVINCIAL DEL CUSCO
_cBIBLIOTECA MUNICIPAL DEL CUSCO
082 _aEP / 803 /
_bC75
100 _aColchado Lucio, Óscar
_913556
245 _aCholito :
_bEn los andes mágicos /
260 _aLima :
_bGrupo Santillana,
_c2006.
300 _a109 paginas ;
_c22 cm.
440 _aCuenta cosas Alfaguara.
_932361
500 _aDe ayer y de siempre.
505 _aContenido :Encuentro con el ichic ollco -- Al otro lado de la pirca -- La mansión del supay -- Niño Manuelito -- El dinero ...
650 _aCuentos
_9217
650 _aHistorietas
_910786
942 _2ddc
_cLIBROS
945 _arum
_d2019-04-16